Dégâts des cartes niveau 14 dans Clash Royale - Statistiques

Statistiques générales
  • Ce quiz a été pris 151 fois
    150 depuis la dernière actualisation
  • Le résultat moyen est 8 sur 35
Statistiques - réponses
Question Réponse % Correct
Dégâts d'une Boule de Feu 274
60%
Dégâts de l'électrocution 77
53%
Dégâts du séisme 213
43%
Dégâts du Mineur 77
38%
Dégâts de la Roquette 492
36%
Dégâts d'une Méga boule de neige 77
34%
Dégâts des flèches 147
32%
Dégâts de la Tornade 78
32%
Dégâts de la Charge du Chevalier d'Or 412
28%
Dégâts de la Foudre 420
28%
Dégâts de la Princesse 224
26%
Dégâts du Poison 288
26%
Dégâts du Chevaucheur de Cochon 421
25%
Dégâts d'un Sapeur 519
25%
Dégâts d'un esprit de Feu 274
23%
Dégâts du Bélier de Combat 702
23%
Dégâts de Saut du Méga Chevalier 710
23%
Dégâts de la Buche 77
23%
Dégâts d'un Gobelin à Sarbacane 174
21%
Dégâts d'un Cochon Royal 98
21%
Dégâts de la Charrette à Canon 281
19%
Dégâts du Géant Royal 406
19%
Dégâts de la Charge du Cavabélier 704
17%
Dégâts du Zappy 1760
15%
Dégâts de la Rage 77
15%
Dégâts de la charge du Prince 1038
13%
Dégâts du P.E.K.K.A 1008
11%
Dégâts de la bombe du Squelette Géant 1525
11%
Dégâts du Gel 46
11%
Dégâts de la charge de la Voleuse 512
11%
Dégâts de la charge du Prince Ténébreux 656
11%
Dégâts du Géant 337
8%
Dégâts du Mortier 352
8%
Dégâts du Ballon 848
6%
Dégâts du Fantôme Royal 345
0%
Aucun quiz correspondant
Distribution des résultats
% des personnes avec chaque résultat
Percentile par nombre de réponses
Votre historique - résultats
Vous n’avez pas pris ce quiz depuis la dernière actualisation